• 首页
  • 本馆介绍
  • 公告通知
  • 最新文献
  • 馆藏检索
  • 电子资源
  • 读者导购
  • 参考咨询
  • 我的图书馆
  • 登录
  • 详细信息显示
  • 放入我的书架
  • 预约/预借图书
  • 作者相关作品
  • 分类相关作品
  • 丛书相关作品
  • 出版社相关作品

书目信息

  • 表格格式
  • 工作单格式
  • 卡片格式
题名:
Visual C++实用教程
    
 
作者: 郑阿奇 主编 ;丁有和 , 郑进 , 周怡君 编著
分册:  
出版信息: 北京   电子工业出版社  2021
页数: 418页
开本: 26cm
丛书名: 新工科建设之路·计算机类创新教材
单 册:
中图分类: TP312.8C++ , TP312.8
科图分类:
主题词: C++语言--C++ yu yan--程序设计--高等教育--教材
电子资源:
ISBN: 978-7-121-41382-7
000 01531nam 2200313 450
001 2146670010
005 20211113125502.49
010    @a978-7-121-41382-7@dCNY77.00
100    @a20210907d2021 em y0chiy50 ea
101 0  @achi
102    @aCN@b110000
105    @aak z 000yy
200 1  @aVisual C++实用教程@AVisual C++ shi yong jiao cheng@f郑阿奇主编@g丁有和, 郑进, 周怡君编著
205    @a第6版
210    @a北京@c电子工业出版社@d2021
215    @a418页@c图@d26cm
225 2  @a新工科建设之路·计算机类创新教材@Axin gong ke jian she zhi lu·ji suan ji lei chuang xin jiao cai
300    @a普通高等教育“十一五”国家级规划教材
330    @a本书采用Visual C++ 6.0(中文版)平台,主要包含实用教程、习题、上机操作指导、综合应用实习、附录等部分。实用教程包括C++和Visual C++部分,其中,C++部分包括基本C++语言和C++面向对象程序设计,Visual C++部分包括MFC基本应用程序的建立、窗口和对话框、常用控件、基本界面元素、文档和视图、图形和文本、数据库编程等。上机操作指导与实用教程配套和同步,通过实例先引导操作和编程,然后提出问题,并在原有基础上由读者进行操作和编程练习。综合应用实习分为两个部分,分别对C++和Visual C++(MFC)进行综合应用训练。
410  0 @12001 @a新工科建设之路·计算机类创新教材
606 0  @aC++语言@AC++ yu yan@x程序设计@x高等教育@j教材
690    @aTP312.8C++@v5
690    @aTP312.8@v4
701  0 @a郑阿奇@Azheng a qi@4主编
702  0 @a丁有和@Ading you he@4编著
702  0 @a郑进@Azheng jin@4编著
702  0 @a周怡君@Azhou yi jun@4编著
801  0 @aCN@bBP@c20210907
905    @aZUCC@dTP312.8@e20-6
    
    Visual C++实用教程/郑阿奇主编/丁有和, 郑进, 周怡君编著.-第6版.-北京:电子工业出版社,2021
    418页:图;26cm.-(新工科建设之路·计算机类创新教材)
    普通高等教育“十一五”国家级规划教材
    
    ISBN 978-7-121-41382-7:CNY77.00
    本书采用Visual C++ 6.0(中文版)平台,主要包含实用教程、习题、上机操作指导、综合应用实习、附录等部分。实用教程包括C++和Visual C++部分,其中,C++部分包括基本C++语言和C++面向对象程序设计,Visual C++部分包括MFC基本应用程序的建立、窗口和对话框、常用控件、基本界面元素、文档和视图、图形和文本、数据库编程等。上机操作指导与实用教程配套和同步,通过实例先引导操作和编程,然后提出问题,并在原有基础上由读者进行操作和编程练习。综合应用实习分为两个部分,分别对C++和Visual C++(MFC)进行综合应用训练。
●
相关链接 在五车中查询图书 在当当中查询图书 在豆瓣中查询图书


正题名:Visual C++实用教程     索取号:TP312.8/20-6         预约/预借

序号 登录号 条形码 馆藏地/架位号 状态 备注
1 2000883190   2000883190   第三书库/ [索取号:TP312.8/20-6] 在馆    
2 2000883191   2000883191   第三书库/ [索取号:TP312.8/20-6] 在馆    
3 2000883192   2000883192   第三书库/ [索取号:TP312.8/20-6] 在馆    
山东省滨州职业学院图书馆 欢迎您!
大连网信软件有限公司© 版权所有